Представление документа в формате RUSMARC

Поле Инд. ПП Название Значение
Тип записи a
Библиографический уровень a
001 Контрольный номер RU/REP/BASE/00004341
005 Дата корректировки 20181104132001.1
200 1_ a Заглавие Особенности уголовно-процессуальной деятельности
f Первые сведения об ответственности Якимович Ю.К.
b Общее обозначение материала Текст
210 1_ d Дата издания 2015
461 _0 1 001RU/REP/BASE/00010629
1 2001
a Закон и право
463 _0 1 20002
a №7.
v С. 106-110
1 210
d 2015
610 0_ a Ключевые слова ТЕОРИЯ ПРАВА, УГОЛОВНЫЙ ПРОЦЕСС
700 _1 a Фамилия Якимович
b Имя Ю.К.
901 t Тип документа b
w Контрольный № источника 212124b945ea4b27bcf038d1bf22084c
905 a Дата ввода 20180409